<?xml version="1.0" encoding="UTF-8"?>
<record
    xmlns:xsi="http://www.w3.org/2001/XMLSchema-instance"
    xsi:schemaLocation="http://www.loc.gov/MARC21/slim http://www.loc.gov/standards/marcxml/schema/MARC21slim.xsd"
    xmlns="http://www.loc.gov/MARC21/slim">

  <leader>01464nam a22002177a 4500</leader>
  <controlfield tag="003">OSt</controlfield>
  <controlfield tag="005">20210204160629.0</controlfield>
  <controlfield tag="008">210204b           ||||| |||| 00| 0 spa d</controlfield>
  <datafield tag="020" ind1=" " ind2=" ">
    <subfield code="a">9788445006825</subfield>
  </datafield>
  <datafield tag="040" ind1=" " ind2=" ">
    <subfield code="c">CO-MqBPB</subfield>
  </datafield>
  <datafield tag="082" ind1=" " ind2=" ">
    <subfield code="a">R 778.5</subfield>
    <subfield code="b">K63j</subfield>
  </datafield>
  <datafield tag="100" ind1=" " ind2=" ">
    <subfield code="a">Kogge, Michael</subfield>
    <subfield code="e">Autor</subfield>
  </datafield>
  <datafield tag="245" ind1=" " ind2=" ">
    <subfield code="a">Juego de tronos:</subfield>
    <subfield code="b">storyboards/</subfield>
    <subfield code="c">Michael Kogge</subfield>
  </datafield>
  <datafield tag="260" ind1=" " ind2=" ">
    <subfield code="a">China:</subfield>
    <subfield code="b">Minotauro,</subfield>
    <subfield code="c">2019.</subfield>
  </datafield>
  <datafield tag="300" ind1=" " ind2=" ">
    <subfield code="a">319 pg.</subfield>
    <subfield code="b">Tapa dura,</subfield>
    <subfield code="c">24 cm</subfield>
  </datafield>
  <datafield tag="500" ind1=" " ind2=" ">
    <subfield code="a">El &#xAB;detr&#xE1;s de las c&#xE1;maras&#xBB; del fen&#xF3;meno de televisi&#xF3;n mundial de HBO, Juego de Tronos. Un compendio definitivo que presenta, con un aspecto &#xFA;nico, las escenas fundamentales y el arte conceptual de uno de los proyectos de televisi&#xF3;n visualmente m&#xE1;s din&#xE1;micos, que cuenta con un rico desarrollo y un arte &#xFA;nico. Esta cuidada edici&#xF3;n de coleccionista se presenta en un estuche de lujo.

Juego de Tronos es la serie m&#xE1;s vista del momento. Una superproducci&#xF3;n de HBO que cuenta con millones de espectadores y seguidores en todo el mundo. Este guion gr&#xE1;fico oficial incluye los bocetos originales que se han utilizado para la serie. Este libro es perfecto para una serie que destaca por su dinamismo visual y por la calidad est&#xE9;tica de su imagen. . Juego de Tronos ha estrenado su &#xFA;ltima temporada con un r&#xE9;cord de audiencia de 17,4 millones de espectadores.</subfield>
  </datafield>
  <datafield tag="650" ind1=" " ind2=" ">
    <subfield code="2">Literatura</subfield>
    <subfield code="v">Ficci&#xF3;n</subfield>
  </datafield>
  <datafield tag="650" ind1=" " ind2=" ">
    <subfield code="2">Cinematograf&#xED;a</subfield>
    <subfield code="v">story boards</subfield>
  </datafield>
  <datafield tag="700" ind1=" " ind2=" ">
    <subfield code="a">William Simpson</subfield>
    <subfield code="e">Ilustrador</subfield>
  </datafield>
  <datafield tag="942" ind1=" " ind2=" ">
    <subfield code="2">ddc</subfield>
    <subfield code="c">REF</subfield>
  </datafield>
  <datafield tag="999" ind1=" " ind2=" ">
    <subfield code="c">13033</subfield>
    <subfield code="d">13033</subfield>
  </datafield>
  <datafield tag="952" ind1=" " ind2=" ">
    <subfield code="0">0</subfield>
    <subfield code="1">0</subfield>
    <subfield code="2">ddc</subfield>
    <subfield code="4">0</subfield>
    <subfield code="7">0</subfield>
    <subfield code="8">REF</subfield>
    <subfield code="a">BPMOS</subfield>
    <subfield code="b">BPMOS</subfield>
    <subfield code="d">2021-02-04</subfield>
    <subfield code="e">Compra</subfield>
    <subfield code="i">nt</subfield>
    <subfield code="l">0</subfield>
    <subfield code="o">R 778.5 K63j</subfield>
    <subfield code="p">MOS500795</subfield>
    <subfield code="r">2021-02-04</subfield>
    <subfield code="t">ej 1</subfield>
    <subfield code="w">2021-02-04</subfield>
    <subfield code="y">REF</subfield>
    <subfield code="z">Pr&#xE9;stamo en sala</subfield>
  </datafield>
</record>
